[Event "TCh-POL Ekstraliga"]
[Site "Lubniewice POL"]
[Date "2005.09.10"]
[Round "8"]
[White "Schmidt,Wl"]
[Black "Miton,K"]
[Result "0-1"]
[WhiteElo "2435"]
[BlackElo "2589"]

1.d4 d5 2.c4 c6 3.Nc3 e6 4.e3 Nf6 5.Nf3 Nbd7 6.Bd3 Bb4 7.O-O O-O 8.Bd2 Qe7
9.a3 dxc4 10.Bxc4 Bd6 11.Qe2 e5 12.dxe5 Nxe5 13.Nxe5 Bxe5 14.h3 Bf5 15.Rfd1 Rfe8
16.Rac1 Bc7 17.Qf3 Bg6 18.Be1 Bh5 19.g4 Bg6 20.Bd3 h5 21.Bf5 Qe5 22.Rd4 Qh2+
23.Kf1 Be5 24.Rd3 hxg4 25.hxg4 Qh7 26.Rdd1 Qh4 27.Ke2 Bxf5 28.gxf5 Qc4+ 29.Kd2 Qb3
30.Rc2 Bxc3+  0-1

[Event "TCh-POL Ekstraliga"]
[Site "Lubniewice POL"]
[Date "2005.09.10"]
[Round "8"]
[White "Szymanski,M"]
[Black "Grabarczyk,B"]
[Result "0-1"]
[WhiteElo "2435"]
[BlackElo "2464"]

1.d4 d5 2.c4 c6 3.e3 Nf6 4.Nc3 e6 5.Nf3 Nbd7 6.Bd3 dxc4 7.Bxc4 b5 8.Bd3 Bb7
9.e4 b4 10.Na4 c5 11.e5 Nd5 12.Ng5 cxd4 13.Nxe6 Qe7 14.Nxf8 Qxe5+ 15.Be2 Rxf8
16.O-O O-O-O 17.Bd2 Kb8 18.a3 b3 19.Bf3 N5b6 20.Qxb3 Qe6 21.Bf4+ Ka8 22.Nxb6+ Nxb6
23.Bxb7+ Kxb7 24.Qd3 Rfe8 25.a4 Qe4 26.Qg3 Re6 27.Bc7 Rg6 28.Bxd8 Rxg3 29.hxg3 Nc4
30.Bg5 Qd5 31.Rac1 d3 32.Rfd1 d2 33.Rxc4 Qxc4 34.Rxd2 Qxa4 35.Be3 a6 36.f3 g6
37.Kf2 h5 38.Rd4 Qc2+ 39.Rd2 Qf5 40.Rd4 Qb1 41.Rd2 a5 42.Bd4 g5 43.Be3 f6
44.Bd4 Qf5 45.Bc3 a4 46.Rd4 Qb1 47.Rd2 Kb6 48.Bd4+ Kb5 49.Be3  0-1

[Event "Open A"]
[Site "Trieste ITA"]
[Date "2005.09.10"]
[Round "9"]
[White "Bosiocic,Mari"]
[Black "Drazic,S"]
[Result "1/2-1/2"]
[WhiteElo "2381"]
[BlackElo "2497"]

1.d4 Nf6 2.Nf3 d5 3.c4 e6 4.Nc3 c6 5.e3 Nbd7 6.Qc2 h6 7.b3 Bd6 8.Be2 O-O
9.O-O Re8 10.Bb2 Qe7 11.Rfe1 dxc4 12.bxc4 e5 13.a4 e4 14.Nd2 Nf8 15.Qb3 a6
16.Ba3 c5 17.dxc5 Bxc5 18.Nd5 Nxd5 19.cxd5 Bxa3 20.Qxa3 Qg5 21.Nc4 Bh3 22.Bf1 Rad8
23.Rad1 Ng6 24.Kh1 Bg4 25.Rd4 Rxd5 26.Nd6 Rxd4 27.exd4 Re7 28.Rxe4 Rxe4 29.Nxe4 Qa5
30.Nc3 Be6 31.Bd3 Nf4 32.Be4 Ne2 33.Nxe2 Qe1+ 34.Ng1 Qxe4 35.Qb4 Bd5 36.f3 Qe3
37.a5 g5 38.h3 Kg7 39.Qc5 Bc6 40.Qd6 h5 41.h4 gxh4 42.Kh2 Qg5 43.Qc7 Qe3
44.Qd6 Qe1 45.Qc7 Qe3 46.Qd6 Qe1 47.Qc7 Qe3 48.Qd6 Qg5 49.Qc7 Qe3 50.Qd6 Qg5
51.Qc7 Qe3  1/2-1/2

[Event "ch-Arab"]
[Site "Dubai UAE"]
[Date "2005.09.14"]
[Round "3"]
[White "Hassan,Ab"]
[Black "Bouasis,M"]
[Result "1-0"]
[WhiteElo "2341"]
[BlackElo "2075"]

1.d4 Nf6 2.Nf3 d5 3.c4 e6 4.Nc3 c6 5.e3 Nbd7 6.Qc2 Bd6 7.Bd3 O-O 8.O-O dxc4
9.Bxc4 e5 10.Rd1 Qe7 11.Bd2 e4 12.Ng5 Nb6 13.Bb3 Bg4 14.Rf1 Rae8 15.Ngxe4 Nxe4
16.Nxe4 Qxe4 17.Qxe4 Rxe4 18.f3 Bxf3 19.Rxf3 c5 20.dxc5 Bxc5 21.Rc1 Bd6 22.Rcf1 Nc4
23.Bc3 Bc5 24.Kh1 b5 25.Rf5 Bxe3 26.Rxb5 Bb6 27.Rbf5 g6 28.Rf6 Bd4 29.Bxd4 Rxd4
30.R6f4 Rxf4 31.Rxf4 Nb6 32.Kg1 Kg7 33.Re4 Rd8 34.Re7 Rd7 35.Rxd7 Nxd7 36.Kf2 Ne5
37.h3 Kf6 38.Ke3 Ke7 39.Bd5 Kd6 40.Kd4 f6 41.a3 a5 42.b4 axb4 43.axb4 Nd7
44.b5 Nb6 45.Bg8 h6 46.Bf7 g5 47.Ke4 Ke7 48.Ba2 h5 49.g3 Kd6 50.Kf5 Nd7 51.Be6 Nc5
52.Bc8 Kc7 53.Ba6 Kd6 54.Kxf6 g4 55.hxg4 Ne4+ 56.Kf5 Nxg3+ 57.Kf4 Ne2+ 58.Ke3 Ng3
59.g5 Nf5+ 60.Kf4 Ne7 61.Bb7 Kc5 62.Ke5 Ng6+ 63.Kf6 Nf8 64.Bc6 h4 65.Kf7 Nh7
66.g6  1-0

[Event "EYb18"]
[Site "Herceg Novi SCG"]
[Date "2005.09.14"]
[Round "1"]
[White "Galic,I"]
[Black "Ragger,M"]
[Result "0-1"]
[WhiteElo "2167"]
[BlackElo "2434"]

1.c4 e6 2.Nc3 Nf6 3.Nf3 d5 4.d4 c6 5.e3 Nbd7 6.Bd3 dxc4 7.Bxc4 b5 8.Bd3 Bd6
9.O-O O-O 10.e4 e5 11.Bg5 Bb7 12.d5 b4 13.dxc6 Bxc6 14.Bb5 Bxb5 15.Nxb5 Bc5
16.Nd6 Qc7 17.Bxf6 Nxf6 18.Nf5 Rfe8 19.Ng3 Rac8 20.Qe2 a5 21.Rac1 Qa7 22.Nd2 Bd4
23.Nc4 Rcd8 24.b3 g6 25.Rc2 a4 26.Rfc1 Re6 27.Nf1 axb3 28.axb3 Ra6 29.g3 Nd7
30.Kg2 Nc5 31.Rb1 Bc3 32.Nxe5 Bxe5 33.Rxc5 Qxc5 34.Qxa6 Qc2 35.Re1 Bc3 36.Re3 Qxb3
37.Qb6 Qd1 38.e5 Qd5+ 39.Rf3 Re8 40.Ne3 Qxe5 41.Ng4 Qe6 42.Qb5 Rf8 43.Ne3 Rd8
44.Qg5 Rb8 45.Nf5 Bf6 46.Nh6+ Kg7 47.Qf4 Qe5 48.Qxe5 Bxe5 49.Nxf7 Bf6 50.Nd6 b3
51.Ne8+ Rxe8 52.Rxb3 Re2 53.Rb7+ Kh6 54.Rf7 Bd4 55.h4 Ra2 56.g4 g5 57.hxg5+ Kxg5
58.Rxh7 Rxf2+ 59.Kg3 Ra2 60.Rh5+ Kg6 61.Rd5 Ra3+ 62.Kf4 Be3+ 63.Ke4 Bh6 64.Rd3 Ra4+
65.Kf3 Ra5 66.Kg3 Bg7 67.Kf3 Kg5 68.Rd7 Ra3+ 69.Ke4 Bf6 70.Rh7 Ra4+ 71.Kf3 Rf4+
72.Kg3 Rxg4+ 73.Kf3 Rf4+ 74.Kg3 Rb4 75.Rh8 Rb3+ 76.Kg2 Bd4 77.Rg8+ Kf4 78.Rf8+ Ke4
79.Re8+ Be5 80.Kf2 Rb2+ 81.Ke1 Ra2 82.Rf8 Ke3 83.Kf1 Bf4 84.Re8+ Kf3 85.Re1 Be3
86.Re2 Ra1+ 87.Re1 Ra4 88.Re2 Ra1+ 89.Re1 Ra8 90.Re2 Ke4 91.Rh2 Ra1+ 92.Kg2 Rg1+
93.Kh3 Kf3 94.Ra2 Rg8 95.Ra4 Rg7 96.Rb4 Rg5 97.Kh2 Bg1+ 98.Kh1 Bf2 99.Kh2 Rg6  0-1

[Event "EYb16"]
[Site "Herceg Novi SCG"]
[Date "2005.09.15"]
[Round "2"]
[White "Figura,A"]
[Black "Andriasian,Z"]
[Result "0-1"]
[WhiteElo "2277"]
[BlackElo "2412"]

1.d4 d5 2.c4 c6 3.Nc3 Nf6 4.e3 e6 5.Nf3 Nbd7 6.Qc2 Bd6 7.g4 dxc4 8.Bxc4 e5
9.g5 Nd5 10.Ne4 Bc7 11.Bd2 O-O 12.O-O-O exd4 13.Nxd4 Ne5 14.Be2 Bb6 15.Bc3 Qe7
16.Rhg1 Kh8 17.Ng3 Nxc3 18.Qxc3 Qc5 19.Qxc5 Bxc5 20.Ne4 Be7 21.f4 Ng6 22.f5 c5
23.f6 cxd4 24.fxe7 Nxe7 25.exd4 Be6 26.Nc3 Nd5 27.Bf3 Rac8 28.Kd2 Rfd8 29.Nxd5 Bxd5
30.Bxd5 Rxd5 31.Kd3 g6 32.h4 Kg7 33.Rc1 Rcd8 34.Rg4 R8d7 35.Rf1 h6 36.Rf2 hxg5
37.hxg5 Ra5 38.a3 Rb5 39.Kc4 a6 40.b4 Rbd5 41.Rf6 Rf5 42.Rxf5 gxf5 43.Rg1 Kg6
44.d5 f4 45.Kc5 Kf5 46.d6 f3 47.g6 fxg6 48.Rg3 Kf4 49.Rxg6 Rf7 50.Rg1 f2
51.Rf1 Ke3 52.Kd5 Ke2 53.Rxf2+ Rxf2 54.d7 Kd1 55.Kd6 Rd2+ 56.Kc7 b5  0-1

[Event "ch-Arab"]
[Site "Dubai UAE"]
[Date "2005.09.16"]
[Round "5"]
[White "Najjar,A"]
[Black "Ayyad,M"]
[Result "1-0"]
[WhiteElo "2339"]
[BlackElo "2074"]

1.d4 Nf6 2.Nf3 d5 3.e3 e6 4.c4 c6 5.Nc3 Nbd7 6.a3 Bd6 7.b4 O-O 8.Bb2 Qe7
9.Be2 dxc4 10.Bxc4 e5 11.O-O Re8 12.Ng5 Nd5 13.Nge4 Nxc3 14.Bxc3 Bc7 15.d5 cxd5
16.Bxd5 Nf8 17.Nc5 Rb8 18.Qe2 Ne6 19.Qc4 b6 20.Nxe6 Bxe6 21.Bxe6 fxe6 22.Qe4 Qg5
23.Rac1 Qf5 24.Qc6 Rbc8 25.Bb2 Qf8 26.Qe4 a5 27.Bxe5 Bxe5 28.Rxc8 Bxh2+ 29.Kh1 Rxc8
30.Qxe6+ Kh8 31.Kxh2 axb4 32.axb4 Re8 33.Qxb6 Rb8 34.Qc5 Qf6 35.Kg1 h6 36.b5 Qb2
37.Rc1 Qxb5 38.Qxb5 Rxb5 39.Rc2 Kh7 40.f3 Kg6 41.Kf2 Rb6 42.f4 h5 43.Kf3 Kf6
44.g3 Rb3 45.Rc6+ Kf7 46.f5 Rb1 47.e4 Rf1+ 48.Ke3 Rg1 49.Kf4 Ra1 50.Rc7+ Kf8
51.Rc3 Rh1 52.e5 h4 53.g4 h3 54.Rc8+ Ke7 55.Rh8 h2 56.Kg5 Re1 57.Rxh2 Rxe5
58.Kg6 Kf8 59.Rh8+  1-0

[Event "EYb18"]
[Site "Herceg Novi SCG"]
[Date "2005.09.16"]
[Round "3"]
[White "Pavlidis,Ana"]
[Black "Vass,F"]
[Result "0-1"]
[WhiteElo "2127"]
[BlackElo "2287"]

1.Nf3 d5 2.d4 c6 3.c4 e6 4.Nc3 Nf6 5.e3 Nbd7 6.Bd3 dxc4 7.Bxc4 b5 8.Bd3 a6
9.e4 c5 10.e5 cxd4 11.Ne4 Nd5 12.Bg5 Qa5+ 13.Bd2 Qb6 14.O-O h6 15.Rc1 Bb7
16.Ng3 Be7 17.Qe1 g6 18.Ne2 Nc5 19.Bb1 d3 20.Ned4 b4 21.a3 a5 22.Ba2 b3 23.Bb1 g5
24.Be3 Nxe3 25.Qxe3 g4 26.Nd2 Bg5 27.Qe1 Rd8 28.Rxc5 Bxd2 29.Qxd2 Qxc5 30.Nxe6 fxe6
31.Bxd3 Qd5 32.Bg6+ Ke7  0-1

[Event "EYb16"]
[Site "Herceg Novi SCG"]
[Date "2005.09.16"]
[Round "3"]
[White "Levin,Ev"]
[Black "Farkas,Ga"]
[Result "1-0"]
[WhiteElo "2303"]
[BlackElo "2100"]

1.d4 d5 2.c4 e6 3.Nc3 c6 4.e3 Nf6 5.Nf3 Nbd7 6.Qc2 Bd6 7.g4 dxc4 8.Bxc4 b5
9.Be2 h6 10.Rg1 Bb7 11.h4 Qe7 12.g5 hxg5 13.hxg5 Nd5 14.Nxd5 exd5 15.Bd2 Qe4
16.Qd1 Rh3 17.g6 f6 18.Ba5 Ke7 19.Nd2 Qh4 20.Nf1 f5 21.Qc2 Rf8 22.Bd3 Qh5
23.Be2 Qh4 24.Rg2 Qe4 25.Qxe4+ fxe4 26.a3 Rh6 27.Ng3 Bxg3 28.Rxg3 Rf6 29.Bf1 Rfxg6
30.Rxg6 Rxg6 31.a4 a6 32.Bc7 Nf6 33.Bg3 Ne8 34.Ke2 Bc8 35.b3 Nd6 36.axb5 cxb5
37.Rc1 Bd7 38.Rc5 Bg4+ 39.Kd2 Ke6 40.Kc3 Nf5 41.Rc6+ Kf7 42.Rc7+ Ke8 43.Bf4 Ne7
44.Kb4 Bf5 45.Bg3 Kd8 46.Rc5 Bd7 47.Be2 Rh6 48.Rc1 g5 49.Bc7+ Ke8 50.Rg1 Rf6
51.Bh5+ Kf8 52.Rxg5 Rxf2 53.Bd6 Rf5 54.Rxf5+ Bxf5 55.Ka5 Bh3 56.Kxa6 Bf1
57.Kb6 Bd3 58.Kc7  1-0

[Event "EYg18"]
[Site "Herceg Novi SCG"]
[Date "2005.09.17"]
[Round "4"]
[White "Djukic,Sa"]
[Black "Kezele,T"]
[Result "1-0"]
[WhiteElo "2095"]
[BlackElo "1943"]

1.d4 d5 2.c4 c6 3.Nf3 Nf6 4.Nc3 e6 5.e3 Nbd7 6.Qc2 dxc4 7.Bxc4 Be7 8.O-O b5
9.Bd3 Bb7 10.Rd1 a6 11.Ne5 O-O 12.Ne4 Nxe5 13.Nxf6+ gxf6 14.dxe5 Qc7 15.Bxh7+ Kg7
16.exf6+ Bxf6 17.Be4 Rh8 18.f4 Rag8 19.Bd2 Qb6 20.Rf1 a5 21.Rf3 b4 22.Rc1 Rd8
23.Be1 Rd6 24.Rg3+ Kf8 25.Qb3 Ba6 26.Qc2 Qb5 27.Rf3 Qh5 28.h3 Bb7 29.a4 Bd8
30.g4 Rg8 31.Qg2 Qh8 32.Rf2 Bb6 33.Qg3 f5 34.Bg2 Qg7 35.g5 Qd7 36.Qf3 Rd3
37.Re2 e5 38.fxe5 Rxg5 39.Kh2 Qe6 40.Bg3 Bc7 41.h4 Rg7 42.Rf1 Bc8 43.Qxc6 Bxe5
44.Qc5+ Bd6 45.Bxd6+ Qxd6+ 46.Qxd6+ Rxd6 47.Bh3 Rh6 48.Rf4 Rgh7 49.Kg3 Rg7+
50.Kf2 Rf7 51.Rc2 Ba6 52.Bxf5 Rd6 53.h5 b3 54.Rc5 Rd2+ 55.Kg3 Rxb2 56.Rxa5 Bb7
57.Rb5 Rg2+ 58.Kh3 b2 59.h6 Rg1 60.Rxb2 Rf6 61.Bg4 Rh1+ 62.Kg3 Rxf4 63.Kxf4 Bc6
64.a5 Rxh6 65.Rb6 Ke7 66.a6 Rf6+ 67.Ke5 Rd6 68.a7 Rd5+ 69.Kf4 Ba8 70.Bf3 Rd8
71.Rb8  1-0

[Event "It"]
[Site "Klaksvik FAI"]
[Date "2005.09.17"]
[Round "3"]
[White "Simonsen,H"]
[Black "Fries Nielsen,JO"]
[Result "1/2-1/2"]
[WhiteElo "2305"]
[BlackElo "2381"]

1.d4 d5 2.c4 c6 3.Nc3 Nf6 4.Nf3 e6 5.e3 Nbd7 6.Bd3 Be7 7.O-O O-O 8.b3 b6
9.Bb2 Bb7 10.Qe2 c5 11.cxd5 Nxd5 12.Nxd5 Bxd5 13.Rfd1 cxd4 14.Bxd4 Bf6 15.e4 Bxd4
16.Nxd4 Bb7 17.Bb5 Qe7 18.Bxd7 Qxd7 19.Nf5 Qe8 20.Nd6 Qe7 21.Rac1 Rad8 22.e5 Bd5
23.Qg4 f6 24.Rxd5 fxe5 25.Rxe5 Rxd6 26.Qe2 Qd7 27.Rf1 Rd2  1/2-1/2

[Event "4NCL 2006-07"]
[Site "Sunningdale ENG"]
[Date "2005.09.17"]
[Round "2"]
[White "Knott,S"]
[Black "Cernousek,L"]
[Result "1-0"]
[WhiteElo "2387"]
[BlackElo "2418"]

1.Nf3 Nf6 2.c4 c6 3.d4 d5 4.Nc3 e6 5.e3 Nbd7 6.Bd3 dxc4 7.Bxc4 b5 8.Bd3 Bb7
9.e4 b4 10.Na4 c5 11.e5 Nd5 12.O-O cxd4 13.Re1 g6 14.Bg5 Qa5 15.Nd2 Ba6 16.Nc4 Bxc4
17.Bxc4 Bg7 18.Qxd4 Qxa4 19.Bxd5 exd5 20.Qxd5 Nb6 21.Qd6 Qd7 22.Qxb4 Bf8
23.Qh4 Bg7 24.Qb4 Bf8 25.Qh4 Bg7 26.Rad1 Qa4 27.Rd4 Qxa2 28.Be7 h6 29.Ba3 g5
30.Qe4 Qe6 31.Red1 Rc8 32.Qd3 f5 33.Rd6 Qxe5 34.Rxb6 Rc7 35.Bd6 Qe4 36.Qxe4+  1-0

[Event "EYg18"]
[Site "Herceg Novi SCG"]
[Date "2005.09.18"]
[Round "5"]
[White "Gilbert,Je"]
[Black "Guichard,P"]
[Result "0-1"]
[WhiteElo "2151"]
[BlackElo "2103"]

1.d4 d5 2.c4 c6 3.e3 e6 4.Nc3 Nf6 5.Nf3 Nbd7 6.Qc2 Bd6 7.b3 O-O 8.Be2 dxc4
9.bxc4 e5 10.d5 cxd5 11.cxd5 Qa5 12.O-O a6 13.e4 b5 14.Bb2 Qc7 15.Rac1 Nb6
16.Nd2 Qe7 17.Nb3 Bd7 18.Bd3 Rfc8 19.Qe2 Rab8 20.Rfd1 Bg4 21.f3 Bd7 22.Nb1 Nh5
23.g3 Qg5 24.Rxc8+ Rxc8 25.Kh1 Nc4 26.Bc1 Qg6 27.N1d2 Nb6 28.Nb1 Na4 29.Be3 Qf6
30.Qf2 Nb2 31.Rd2 Nc4 32.Bxc4 bxc4 33.Nc1 c3 34.Rc2 Bb4 35.Nb3 Ba4 36.Kg2 Qg6
37.Qf1 f5 38.exf5 Qxf5 39.Qf2 Nf6 40.g4 Qd3 41.Nxc3 Bxc3 42.d6 Bxb3 43.axb3 Rd8
44.Bc5 Nd5 45.Ra2 Nf4+  0-1

[Event "6th YM"]
[Site "Lausanne SUI"]
[Date "2005.09.19"]
[Round "3.3"]
[White "Mamedyarov,S"]
[Black "Harikrishna,P"]
[Result "1/2-1/2"]
[WhiteElo "2646"]
[BlackElo "2645"]

1.d4 d5 2.c4 c6 3.Nc3 Nf6 4.e3 e6 5.Nf3 Nbd7 6.Bd3 dxc4 7.Bxc4 b5 8.Bd3 a6
9.e4 c5 10.d5 c4 11.dxe6 fxe6 12.Bc2 Qc7 13.Ng5 Ne5 14.f4 Nd3+ 15.Bxd3 cxd3
16.e5 h6 17.Nf3 b4 18.exf6 bxc3 19.Qxd3 gxf6 20.bxc3 Bb7 21.O-O Rg8 22.Rb1 Bd5
23.Rb2 Rc8 24.Qxa6 Qxc3 25.Bd2 Qxb2 26.Qxc8+ Kf7 27.f5 Rxg2+ 28.Kxg2 Qxd2+
29.Rf2 Qg5+ 30.Kf1 Qxf5 31.Qc7+ Ke8 32.Qc8+ Kf7 33.Qc7+ Ke8 34.Qb8+ Ke7 35.Qg3 Qd3+
36.Kg1 Qb1+ 37.Rf1 Qb6+ 38.Qf2 Qb4 39.Nd4 Bg7 40.Qf4 Qb6 41.Qe3 Kf7 42.Qf2 f5
43.Rd1 Ba8 44.Nf3 Qb7 45.Rd3 Bf6 46.Qd2 Qb6+ 47.Kg2 Bd5 48.Rxd5 exd5 49.Qxd5+ Kg7
50.Qd7+ Kg6 51.Qe8+ Kg7 52.Qe2 Qa5 53.Qc2 Kg6 54.Qc4 Kg7 55.Qe6 Qa3 56.Qd7+ Kg6
57.Qd2 Qb2 58.a4 Qxd2+ 59.Nxd2 Bc3 60.Nc4 Kf6 61.a5 Ke6 62.Kf3 Kd5 63.a6 Bd4
64.Ne3+ Ke5 65.Nc2 Bc5 66.Nb4 Kd6 67.Nd3 Ba7 68.Kf4 Kc6 69.Kxf5 Kb5 70.Kg6 Be3
71.Ne5 Kxa6 72.Ng4 Bf4 73.h4 Kb5 74.Nxh6 Kc6 75.Nf5 Kd7 76.Kf7 Bc1 77.h5 Bd2
78.Nd4 Bc1 79.Nf3 Be3 80.Ne5+ Kd8 81.Nc4 Bc1 82.Nb6 Bd2 83.Nd5 Bc1 84.Nf6 Bd2
85.Kg6 Ke7 86.Ne4 Bc1 87.Kg7 Ke6 88.Ng3 Bd2 89.Ne2 Kf5 90.Nd4+ Kg4 91.Kg6 Bc1
92.Nc6 Bf4 93.Nd8 Bc1 94.Nf7 Bf4 95.Nh6+ Kh4 96.Ng8 Kg4 97.Nf6+ Kh4 98.Nd5 Bd2
99.Ne7 Kg4 100.Nf5  1/2-1/2

[Event "Karpov Simul"]
[Site "Buenos Aires ARG"]
[Date "2005.09.20"]
[Round "1"]
[White "Karpov,Ana"]
[Black "Hungaski,R"]
[Result "1-0"]
[WhiteElo "2672"]
[BlackElo "2308"]

1.c4 e6 2.d4 d5 3.Nc3 c6 4.e3 Nf6 5.Nf3 Nbd7 6.Qc2 Bd6 7.Bd3 O-O 8.O-O dxc4
9.Bxc4 Qe7 10.a3 e5 11.h3 Bb8 12.Ba2 h6 13.Nh4 Rd8 14.Nf5 Qe8 15.Ne2 Nf8
16.dxe5 Bxf5 17.Qxf5 Qxe5 18.Ng3 Ne6 19.Qxe5 Bxe5 20.f4 Bc7 21.e4 Rd3 22.Nf5 Bb6+
23.Kh2 Rd7 24.e5 Ne4 25.Be3 Bxe3 26.Nxe3 Rd3 27.Nc4 b5 28.f5 Nd4 29.Rf4 bxc4
30.Rxe4 Nxf5 31.Bxc4 Re3 32.Rxe3 Nxe3 33.Rc1 Rb8 34.b4 Nxc4 35.Rxc4 Rb6 36.Kg3 Kf8
37.Kf4 Ke7 38.g4 Kd7 39.a4 Rb8 40.h4 Ke7 41.Ke4 Kd7 42.Kf4 Ke7 43.Kf5 Rb7
44.g5 hxg5 45.hxg5 Kd7 46.Rg4 a5 47.bxa5 Ra7 48.g6 Ke7 49.gxf7 Kxf7 50.e6+ Kf8
51.Ke5 Rxa5+ 52.Kd6 c5 53.Re4 g5 54.Kc7 Ke7 55.Kb6 Ra8 56.Kxc5 Ra6 57.Rg4 Kf6
58.e7 Kxe7 59.Kb5  1-0

[Event "EYb16"]
[Site "Herceg Novi SCG"]
[Date "2005.09.20"]
[Round "6"]
[White "Levin,Ev"]
[Black "Andriasian,Z"]
[Result "1/2-1/2"]
[WhiteElo "2303"]
[BlackElo "2412"]

1.d4 d5 2.c4 c6 3.e3 Nf6 4.Nc3 e6 5.Nf3 Nbd7 6.Qc2 Bd6 7.Bd2 O-O 8.O-O-O Qe7
9.e4 dxe4 10.Nxe4 Nxe4 11.Qxe4 e5 12.Bg5 f6 13.Bd3 g6 14.Bh6 Re8 15.c5 exd4
16.Bc4+ Kh8 17.Qxe7 Bxe7 18.Rhe1 Nxc5 19.Rxe7 Rxe7 20.Bf8 Nb3+ 21.Bxb3 Re8
22.Bc5 Be6 23.Bxd4 Kg7 24.Bxe6 Rxe6 25.g4 Kg8 26.g5 fxg5 27.Nxg5 Ree8 28.a3 b6
29.Bf6 h6 30.Nf3 Re6 31.Bd4 Rf8 32.Nd2 Rd8 33.Be3 Kg7 34.Re1 Rde8 35.Kc2 c5
36.Rg1 Rf8 37.Rg4 Rf5 38.Ra4 Re7 39.h4 Rd5  1/2-1/2

[Event "EYg18"]
[Site "Herceg Novi SCG"]
[Date "2005.09.20"]
[Round "6"]
[White "Batsiashvili,N"]
[Black "Rogule,L"]
[Result "1/2-1/2"]
[WhiteElo "2316"]
[BlackElo "2310"]

1.d4 d5 2.c4 e6 3.Nf3 Nf6 4.Nc3 c6 5.e3 Nbd7 6.Bd3 dxc4 7.Bxc4 b5 8.Bd3 a6
9.a4 b4 10.Ne4 Bb7 11.Ned2 c5 12.O-O cxd4 13.exd4 Be7 14.Nc4 Nd5 15.Re1 N7f6
16.Nce5 O-O 17.Qe2 h6 18.Bd2 Qd6 19.Nc4 Qd8 20.a5 Bd6 21.Nfe5 Ne7 22.Be3 Bc7
23.Qd2 Nf5 24.Qxb4 Qd5 25.Bf1 Rab8 26.Qc5 Nxe3 27.Rxe3 Qd8 28.Rd1 Rc8 29.Qa3 Qd5
30.b4 Rfd8 31.Qd3 Ne4 32.Rf3 Bxe5 33.Nxe5 f6 34.Ng6 Qd6 35.Re3 Nc3 36.Rde1 Re8
37.Nh4 Nd5 38.Rg3 Nf4 39.Qd2 Red8 40.Ng6 Nxg6 41.Rxg6 Kf7 42.Rg3 f5 43.Qe2 g6
44.b5 Be4 45.bxa6 Qxd4 46.Qe3 g5 47.Qxd4 Rxd4 48.Rb3 Ra4 49.Rb5 Kf6 50.Rd1 Ra8
51.f3 Bd5 52.Rc1 h5 53.Rc7 Ra1 54.Kf2 Rxa6 55.Rxd5 Rxf1+ 56.Kxf1 exd5 57.Rc5 Ke5
58.Ke2 Kd4 59.Rb5 Kc4 60.Rb6 Rxa5 61.Rh6 Ra2+ 62.Kf1 Kd3 63.h4 g4 64.fxg4 hxg4
65.Re6 g3 66.h5 f4 67.Re1 Ra6 68.Rd1+ Ke4 69.Re1+ Kd3 70.Rd1+ Ke4 71.Re1+ Kd4
72.Rd1+ Ke5 73.Re1+ Kf5 74.Rd1 Rh6 75.Rxd5+ Ke4 76.Ra5  1/2-1/2

[Event "EYb18"]
[Site "Herceg Novi SCG"]
[Date "2005.09.20"]
[Round "6"]
[White "Lovkov,R"]
[Black "Vitiugov,N"]
[Result "0-1"]
[WhiteElo "2383"]
[BlackElo "2519"]

1.d4 d5 2.c4 e6 3.Nc3 c6 4.e3 Nf6 5.Nf3 Nbd7 6.Qc2 Bd6 7.Bd2 O-O 8.O-O-O c5
9.cxd5 exd5 10.h3 Re8 11.g4 Ne4 12.Be1 Nxc3 13.Bxc3 c4 14.Ne5 f6 15.Nxd7 Bxd7
16.Bg2 Be6 17.e4 Bf7 18.Rhe1 Bg6 19.Qa4 Bf4+ 20.Kb1 a6 21.f3 b5 22.Qa5 Bc7
23.Qb4 Qd7 24.Ka1 a5 25.Qc5 Bd6 26.Qxd5+ Bf7 27.Qf5 Be6 28.Qh5 b4 29.Bd2 c3  0-1

[Event "Geller mem Open A"]
[Site "Odessa UKR"]
[Date "2005.09.20"]
[Round "6"]
[White "Drozdovskij,Y"]
[Black "Kovalev,De"]
[Result "1-0"]
[WhiteElo "2517"]
[BlackElo "2373"]

1.d4 d5 2.c4 c6 3.Nc3 Nf6 4.e3 e6 5.Nf3 Nbd7 6.Qc2 Bd6 7.Bd3 O-O 8.O-O dxc4
9.Bxc4 b5 10.Be2 Qe7 11.Rd1 Bb7 12.e4 e5 13.dxe5 Bxe5 14.Nxe5 Nxe5 15.Be3 Ng6
16.f3 a6 17.a4 Rac8 18.Bf1 Rfe8 19.Qf2 Nd7 20.Ne2 Nge5 21.Nd4 g6 22.Nb3 Red8
23.Qc2 f6 24.Qc3 Kg7 25.Rd2 Nf8 26.Rad1 Rxd2 27.Rxd2 Ne6 28.Nc5 Nxc5 29.Bxc5 Qe8
30.Qd4 Rc7 31.Bd6 Rf7 32.f4 Nd7 33.b4 Qe6 34.Be2 Nf8 35.e5 f5 36.Bd1 Bc8
37.Bb3 Qxb3 38.e6+  1-0

[Event "EYb14"]
[Site "Herceg Novi SCG"]
[Date "2005.09.21"]
[Round "7"]
[White "Benidze,D"]
[Black "Hovhannisyan,R"]
[Result "1-0"]
[WhiteElo "2243"]
[BlackElo "2292"]

1.d4 d5 2.c4 c6 3.Nf3 Nf6 4.Nc3 e6 5.e3 Nbd7 6.Qc2 Bd6 7.Bd3 O-O 8.O-O dxc4
9.Bxc4 e5 10.Rd1 Qe7 11.h3 h6 12.Nh4 Rd8 13.Nf5 Qf8 14.Nxd6 Qxd6 15.b3 b5
16.Be2 Bb7 17.Bf3 Rac8 18.Bb2 Qb8 19.Ne4 Nxe4 20.Qxe4 Re8 21.Qf5 Nf8 22.Rac1 Ng6
23.Bh5 Nh8 24.Bg4 e4 25.Qc5 Rcd8 26.d5 cxd5 27.Qxb5 Ng6 28.Bc3 a6 29.Qa4 Ne5
30.Ba5 Nxg4 31.Bc7 Nxe3 32.Bxb8 Nxd1 33.Bc7 Nb2 34.Qa3 Nd3 35.Bxd8 Rxd8 36.Qe7 Rf8
37.Rc7 Bc8 38.b4 Nf4 39.a4 Ne6 40.Rc1 d4 41.b5 axb5 42.axb5 d3 43.b6 Nd4
44.Kh2 Ne2 45.Qxf8+ Kxf8 46.Rxc8+ Ke7 47.b7 d2 48.b8=Q d1=Q 49.Qe5+  1-0

[Event "ProMoPro Open"]
[Site "Prague CZE"]
[Date "2005.09.21"]
[Round "7"]
[White "Stodolova,K"]
[Black "Mazoch,J"]
[Result "1-0"]
[WhiteElo "2025"]
[BlackElo "2111"]

1.d4 Nf6 2.c4 c6 3.Nc3 d5 4.Nf3 e6 5.e3 Nbd7 6.b3 Bd6 7.Bd3 dxc4 8.bxc4 Qa5
9.Bd2 Qh5 10.Ne2 g5 11.Ng3 Qh6 12.e4 Bf4 13.e5 Nh5 14.Nxh5 Qxh5 15.Bxf4 gxf4
16.Nd2 Qxd1+ 17.Rxd1 c5 18.O-O cxd4 19.Rfe1 Nc5 20.Ne4 Nxd3 21.Rxd3 f5 22.exf6 e5
23.Nd6+ Kd7 24.Nf7 Rf8 25.Nxe5+ Kc7 26.f7 Be6 27.Rxd4 f3 28.Nxf3 Bxf7 29.Re7+ Kb6
30.Ne5 Rfe8 31.Rxf7 Rxe5 32.g3 h5 33.Rd5 Re1+ 34.Kg2 h4 35.Rh5 hxg3 36.Rf6+ Kc7  1-0

[Event "Geller mem Open A"]
[Site "Odessa UKR"]
[Date "2005.09.22"]
[Round "8"]
[White "Fingerov,D"]
[Black "Makarov,P"]
[Result "1-0"]
[WhiteElo "2358"]
[BlackElo "2147"]

1.d4 d5 2.c4 e6 3.Nc3 Nf6 4.Nf3 c6 5.e3 Nbd7 6.Qc2 Bd6 7.g4 h6 8.Bd2 Nxg4
9.Rg1 Nxh2 10.Nxh2 Bxh2 11.Rxg7 Qf6 12.Rg2 Bb8 13.cxd5 exd5 14.Nxd5 Qf3 15.Nf4 Bxf4
16.exf4 Nb6 17.Rg3 Qd5 18.Re3+ Kd8 19.Re5 Qf3 20.d5 Nxd5 21.Ba5+ Kd7 22.Rd1 Re8
23.Qf5+ Kd6 24.Qxf7 Bd7 25.Bh3 Qe4+ 26.Rxe4 Rxe4+ 27.Kd2 Bxh3 28.Qxb7 Rd4+
29.Kc1 Rxd1+ 30.Kxd1 Bg4+ 31.Kc1 Re8 32.Qf7 Bd7 33.f5 Re5 34.Qf8+ Ne7 35.f6 Rxa5
36.Qxe7+  1-0

[Event "2nd Highlands Open A"]
[Site "Havlickuv Brod CZE"]
[Date "2005.09.26"]
[Round "3"]
[White "Kociscak,J"]
[Black "Kozak,Mi"]
[Result "1-0"]
[WhiteElo "2052"]
[BlackElo "2247"]

1.d4 d5 2.c4 c6 3.Nc3 Nf6 4.Nf3 e6 5.e3 Nbd7 6.Qc2 Bd6 7.g4 Bb4 8.Rg1 Qe7
9.Bd2 b6 10.g5 Bxc3 11.Bxc3 Ne4 12.h4 Bb7 13.Nd2 Nxc3 14.Qxc3 a5 15.O-O-O Qb4
16.Qc2 a4 17.a3 Qa5 18.h5 b5 19.Bd3 Nf8 20.c5 b4 21.Nb1 bxa3 22.Nxa3 Ba6
23.Qd2 Qc7 24.Bc2 Bb5 25.f4 Nd7 26.Rh1 Ke7 27.Rde1 g6 28.e4 dxe4 29.Bxe4 Rad8
30.Kb1 Rhg8 31.f5 gxf5 32.Bxf5 Nf8 33.g6 hxg6 34.hxg6 Nxg6 35.Nxb5 cxb5 36.Qg5+ Kd7
37.Bxe6+  1-0

[Event "Wch-Seniors"]
[Site "Lignano Sabbiadoro ITA"]
[Date "2005.09.28"]
[Round "1"]
[White "Jakobsen,O"]
[Black "Koestenbauer,F"]
[Result "1-0"]
[WhiteElo "2385"]
[BlackElo "2046"]

1.d4 d5 2.Nf3 Nf6 3.c4 e6 4.Nc3 c6 5.e3 Be7 6.Bd3 O-O 7.O-O h6 8.Ne5 Nbd7
9.f4 c5 10.cxd5 exd5 11.Qf3 c4 12.Bc2 Nb6 13.g4 Ne8 14.Kh1 f5 15.Rg1 fxg4
16.Nxg4 Bxg4 17.Qxg4 Rf6 18.Bd2 Bb4 19.Rg2 Bxc3 20.bxc3 Qe7 21.Rag1 Rd8 22.Be1 Qd7
23.Bh4 Qxg4 24.Rxg4 Rdd6 25.Bxf6 Rxf6 26.Bg6 Nd6 27.Bh7+  1-0

[Event "Wch-Seniors"]
[Site "Lignano Sabbiadoro ITA"]
[Date "2005.09.29"]
[Round "2"]
[White "Chernikov,O"]
[Black "Ofstad,P"]
[Result "1-0"]
[WhiteElo "2410"]
[BlackElo "2164"]

1.d4 d5 2.c4 c6 3.Nc3 Nf6 4.e3 e6 5.Nf3 Nbd7 6.Qc2 Bd6 7.b3 O-O 8.Be2 e5
9.cxd5 Nxd5 10.Bb2 Nb4 11.Qd2 exd4 12.Nxd4 Nf6 13.a3 Nbd5 14.Bf3 Qe7 15.Nxd5 cxd5
16.Nb5 Bc5 17.Rc1 Bb6 18.Qb4 Qxb4+ 19.axb4 Be6 20.Ke2 a5 21.Bxf6 gxf6 22.Rhd1 axb4
23.Bxd5 Ra2+ 24.Kf3 Ra5 25.Bxe6 Rxb5 26.Rd5 Ra5 27.Rxa5 Bxa5 28.Bd5 Rb8 29.Rc5 Bd8
30.Be4 Kg7 31.Rd5 h6 32.Rd7 Kf8 33.Bxb7 Be7 34.Ba6 Rd8 35.Rb7 Ra8 36.Bc4 Ra5
37.g3 Ra2 38.h4 Rd2 39.Rb8+ Kg7 40.Rb7 Kf8 41.Rb5 Ra2 42.Rf5 Bd8 43.g4 Ra5
44.Rf4 Be7 45.Rd4 Ra7 46.Rd2 Ra5 47.Kg3 Re5 48.Rd3 Rc5 49.Rd1 Rc7 50.Ra1 Rc5
51.f4 Rc7 52.Kf3 Kg7 53.Ke2 Rd7 54.Ra5 Rc7 55.e4 Rd7 56.Rf5 Bd8 57.Rb5 Be7
58.h5 Ra7 59.e5 fxe5 60.Rxe5 Bf6 61.Rb5 Bc3 62.g5 Re7+ 63.Kf3 Bd2 64.Rd5 Bc3
65.Rd6 hxg5 66.fxg5 f6 67.gxf6+ Bxf6 68.h6+ Kg6 69.h7  1-0

[Event "Wch-Seniors"]
[Site "Lignano Sabbiadoro ITA"]
[Date "2005.09.29"]
[Round "2"]
[White "Neudel,B"]
[Black "Schwertel,J"]
[Result "0-1"]
[WhiteElo "1904"]
[BlackElo "2068"]

1.d4 d5 2.Nf3 Nf6 3.c4 e6 4.e3 c6 5.Nc3 Bd6 6.Bd3 Nbd7 7.O-O O-O 8.a3 a6
9.b4 dxc4 10.Bxc4 Nb6 11.Bb3 Nbd5 12.Bb2 Nxc3 13.Bxc3 Ne4 14.Bb2 Ng5 15.Nxg5 Qxg5
16.f4 Qe7 17.Bc3 b6 18.e4 c5 19.bxc5 bxc5 20.e5 Bb8 21.dxc5 Qxc5+ 22.Bd4 Qe7
23.Qf3 Bb7 24.Qf2 Rc8 25.a4 Be4 26.Rac1 Rd8 27.Bc5 Qb7 28.Bc2 Bxc2 29.Rxc2 h6
30.Bb6 Qxb6 31.Qxb6 Ba7 32.a5 Rdb8 33.Rb1 Bxb6+ 34.Rxb6 Rxb6 35.axb6 Rb8
36.Rb2 a5 37.Kf2 a4 38.Ra2 Rxb6 39.Rxa4 Kh7 40.Ra3 Rb2+ 41.Kf3 Kg6 42.g4 Rb1
43.Kg3 Rh1 44.Kg2 Re1 45.Ra6 Re4 46.Kf3 Rc4 47.Ra7 f5 48.gxf5+ exf5 49.Rd7 Re4
50.Rc7 h5 51.Rc8 Rb4 52.Rh8 Rb3+ 53.Kf2 Rh3 54.Kg2 Rb3 55.Kf2 Ra3 56.Kg2 Rb3
57.Kf2 Rb4 58.Kf3 Ra4 59.Kg3 Ra3+ 60.Kf2 Rc3 61.Kg2 Rc1 62.Kg3 Rf1 63.Ra8 h4+
64.Kxh4 Rxf4+ 65.Kg3 Re4 66.Ra6+ Kg5 67.Ra7 g6 68.Re7 Re3+ 69.Kf2 Kf4 70.e6 g5
71.Re8 g4 72.e7 g3+ 73.Kf1 Kf3 74.Rf8 g2+ 75.Kg1 Re1+  0-1